Detalles MARC
| 000 -CABECERA |
| campo de control de longitud fija |
02901nam a2200289 i 4500 |
| 003 - IDENTIFICADOR DEL NÚMERO DE CONTROL |
| campo de control |
DO-SdBNP |
| 005 - FECHA Y HORA DE LA ÚLTIMA TRANSACCIÓN |
| campo de control |
20260305074000.0 |
| 006 - CÓDIGOS DE INFORMACIÓN DE LONGITUD FIJA--CARACTERÍSTICAS DEL MATERIAL ADICIONAL |
| campo de control de longitud fija |
a||||gr|||| 00| 0 |
| 007 - CAMPO FIJO DE DESCRIPCIÓN FÍSICA--INFORMACIÓN GENERAL |
| campo de control de longitud fija |
ta |
| 008 - DATOS DE LONGITUD FIJA--INFORMACIÓN GENERAL |
| campo de control de longitud fija |
230926e2014 dr abc|| |||| 00| e spa d |
| 020 ## - NÚMERO INTERNACIONAL ESTÁNDAR DEL LIBRO |
| Número Internacional Estándar del Libro |
9789945008180 |
| 040 ## - FUENTE DE LA CATALOGACIÓN |
| Centro catalogador/agencia de origen |
DO-SdBNP |
| Lengua de catalogación |
spa |
| Centro/agencia transcriptor |
BNPHU |
| Normas de descripción |
rda |
| 082 #4 - NÚMERO DE LA CLASIFICACIÓN DECIMAL DEWEY |
| Número de edición |
22 |
| Número de documento/Ítem |
G377m |
| 100 1# - ENTRADA PRINCIPAL--NOMBRE DE PERSONA |
| Nombre de persona |
Gerón, Candido, |
| Fechas asociadas al nombre |
1948- |
| Término indicativo de función/relación |
autor |
| 9 (RLIN) |
3577 |
| 245 10 - MENCIÓN DE TÍTULO |
| Título |
Las milicias en Santo Domingo (19779 - 2013): |
| Resto del título |
espionaje e inteligencia militar a partir de 1822 / |
| Mención de responsabilidad, etc. |
Cándido Gerón |
| 264 #1 - PRODUCCIÓN, PUBLICACIÓN, DISTRIBUCIÓN, FABRICACIÓN Y COPYRIGHT |
| Producción, publicación, distribución, fabricación y copyright |
Santo Domingo : |
| Nombre del de productor, editor, distribuidor, fabricante |
Centenario, |
| Fecha de producción, publicación, distribución, fabricación o copyright |
2014 |
| 300 ## - DESCRIPCIÓN FÍSICA |
| Extensión |
974 páginas : |
| Otras características físicas |
Ilustraciones, mapas, retratos ; |
| Dimensiones |
23 cm. |
| 336 ## - TIPO DE CONTENIDO |
| Fuente |
rdacontent |
| Término de tipo de contenido |
texto |
| Código de tipo de contenido |
txt |
| 337 ## - TIPO DE MEDIO |
| Fuente |
rdamedia |
| Nombre/término del tipo de medio |
sin mediación |
| Código del tipo de medio |
n |
| 338 ## - TIPO DE SOPORTE |
| Fuente |
rdacarrier |
| Nombre/término del tipo de soporte |
volumen |
| Código del tipo de soporte |
nc |
| 500 ## - NOTA GENERAL |
| Nota general |
Incluye datos biográficos del autor en las solapas de las cubiertas. |
| 500 ## - NOTA GENERAL |
| Nota general |
Incluye bibliografía y notas al pie de páginas. |
| 500 ## - NOTA GENERAL |
| Nota general |
Incluye índice onomástico. |
| 505 ## - NOTA DE CONTENIDO CON FORMATO |
| Nota de contenido con formato |
Prólogo.-- Introducción. |
| Título |
Capítulo I. |
| -- |
Marco histórico de los primeros Estados .-- Las primeras guerras.-- El choque de civilizaciones.-- la influencia de las religiones. |
| Información miscelánea |
Capítulo II. |
| Título |
Milicias españolas y francesas en la Era Colonial.-- |
| Información miscelánea |
Capítulo III. |
| Título |
Las Batallas más importantes realizadas desde el inicio de la Independencia Nacional, y llevadas a cabo por la Guardia Republicana y/o Ejército Nacional.-- |
| Información miscelánea |
Capítulo IV (a). |
| Título |
Tratado de Basilea (1795).-- Invasión de Boyer.-- El papel del General Juan Sánchez Ramírez.-- Independencia Nacional.-- La guerra de restauración y la segunda república.-- Los efectos de la intervención norteamericana.-- Desmantelamiento y formación de la Guardia y la Policía Nacional.-- |
| Información miscelánea |
Capítulo V. |
| Título |
La Guerra de Restauración (1861 - 1986).-- Nombramientos de Ministerios de Guerra y otros oficiales durante los gobiernos provisionales y por los jefes de expedición en la Guerra de la Restauración, desde el 24 de octubre de 1863 hasta el 1 de agosto de 1865.-- Trascendencia de Máximo Gómez y Báez y otros próceres y generales.-- Guerras civiles que diezmaron la población de la República Dominicana desde la fundación de la República hasta la Intervención Norteamericana.-- La inteligencia militar a partir del siglo XVIII.-- |
| -- |
La Intervención Norteamericana (1916-1924).-- La Guardia republicana.-- Creación de la Guerra y la Policía Nacional durante la ocupación norteamericana.-- La inteligencia militar en la dictadura de Trujillo.-- La inteligencia militar en la dictadura de Trujillo y períodos subsiguientes.-- Historia de la Policía Nacional 1844-2012.-- Breve Historia de la Marina de Guerra y/o Marina Nacional.-- Creación del Ejército Nacional.-- Fundación de Aviación Militar Dominicana.-- Estructura del espionaje telefónico en la República Dominicana en la era digital.-- |
| -- |
Índice onomástico. |
| 590 ## - NOTA LOCAL (RLIN) |
| Nota local |
Inventariado 2023 / MF |
| 942 ## - ELEMENTOS DE PUNTO DE ACCESO ADICIONAL (KOHA) |
| Fuente del sistema de clasificación o colocación |
Dewey Decimal Classification |
| Tipo de ítem Koha |
Libro |